000 00552nam a2200217Ia 4500
005 20241129115723.0
008 241129s9999||||xx |||||||||||||| ||und||
020 _a9788195096107
037 _aTB
040 _aSDCL
_beng
_cSDCL
041 _aeng
_2eng
084 _aY:1.2'C R2
_qSDCL
100 _aChandra Lokesh
245 0 _aDynamics of Indic culture
260 _aDelhi
_bAditya Prakashan India
_c2022
300 _a336p.
365 _aINR
_b3000
650 _aSanskrit
942 _cTB
_hY:1.2'C R2
999 _c1231712
_d1231712